000 00707 a2200217 4500
003 UA-OsUOA
005 20260511102310.0
008 260511b un ||||| |||| 00| 0 ukr d
040 _aUA-OsUOA
_beng
_cUA-OsUOA
_dUA-OsUOA
041 _aeng
080 _a1
090 _a1
_bA25
245 _aThe Age of Reason
_bThe 17th Century Philosophers
_cedited by Stuart Hampshire
260 _bThe New American Library
_c1956
_aNew York
300 _a186 p.
490 _aThe Mentor Philosophers
650 _2UDC
_a1 Філософія. Психологія
_91871
942 _cBK
_2udc
955 _a4
999 _c580685
_d580685